| 000 | 01118cab a2200241 4500 | ||
|---|---|---|---|
| 001 | ABS68372 | ||
| 008 | 041015n2004 000 0 eng u | ||
| 035 | _a(Sirsi) u127710 | ||
| 100 | _aLeftly, M. | ||
| 245 | _aMonsters Inc | ||
| 260 | _c2004 | ||
| 490 |
_aBuilding _v269(8351) 1 October 2004, 44-64(18) |
||
| 520 | _aThe 2004 consultants' league table ranks the top 200 biggest UK practices with further breakdowns covering the top 100 architects, engineers and surveyors. Data for the top 200 practices includes: total staff worldwide; total and analysis of UK chartered staff; analysis of UK non-chartered staff; annual UK fees; offices; and telephone numbers and websites. Provides a brief commentary on the frontrunners, a table on the top 200 consultants survey results, a list of recent corporate changes and description of the survey methodology. | ||
| 590 | _aABS | ||
| 650 | _aARCHITECTS | ||
| 650 | _aENGINEERS | ||
| 650 | _aSURVEYORS | ||
| 650 | _aRANKINGS | ||
| 650 | _aCONSULTANTS | ||
| 690 | _aMANAGEMENT-BUSINESS MANAGEMENT-PROFESSIONAL PRACTICE | ||
| 700 | _aHewes, M. | ||
| 942 | _n0 | ||
| 999 |
_c74570 _d74570 |
||